LEADER 00990nam0 2200289 450 001 000028188 005 20110321135933.0 010 $a9788820343378 100 $a20110321d2009----km-y0itay50------ba 101 0 $aita 102 $aIT 105 $ay-------001yy 200 1 $aManuale di impianti elettrici$eaggiornato secondo il D.M. n. 37, il D.lgs. n. 81 e le Norme CEI 0-16$fGaetano Conte 205 $a2. ed. 210 $aMilano$cHoepli$d2009 215 $aXVI, 611 p.$cill.$d24 cm$e1 CD-ROM 225 2 $aBiblioteca tecnica Hoepli 410 0$12001$aBiblioteca tecnica Hoepli 500 10$aManuale di impianti elettrici$942141 610 1 $aImpianti elettrici 676 $a621.31042$v21$9Energia elettrica. Macchine e impianti elettrici 700 1$aConte,$bGaetano$4070$0340533 801 0$aIT$bUNIPARTHENOPE$c20110321$gRICA$2UNIMARC 912 $a000028188 951 $aP1 621-M/44$b42923$cPIST$d2011 996 $aManuale di impianti elettrici$942141 997 $aUNIPARTHENOPE